Japanische Baseballteams nach Stadt - Statistiken

Allgemein
  • Dieses Quiz wurde 14 mal gespielt
  • Das Durchschnittsergebnis liegt bei 8 aus 12
Antwortstatistiken
Stadt Team % Korrekt
Nishinomiya Hanshin Tigers
85%
Fukuoka Softbank Hawks
85%
Hiroshima Toyo Carp
85%
Tokio Yomiuri Giants
85%
Hokkaido Nippon Ham Fighters
77%
Chiba Lotte Marines
69%
Tokio Yakult Swallows
69%
Nagoya Chunichi Dragons
62%
Osaka Orix Buffaloes
62%
Sendai Rakuten Golden Eagles
62%
Saitama Seibu Lions
54%
Yokohama DeNA Baystars
46%
Keine übereinstimmenden Quizze gefunden
Verteilung der Resultate
Anzahl Personen mit jedem Resultat
Perzentil nach korrekt beantworteten Fragen
Ihre Resultats-Entwicklung
Sie haben dieses Quiz noch nicht gespielt